| 000 | 00674nam a22002417a 4500 | ||
|---|---|---|---|
| 003 | UA-OsUOA | ||
| 001 | 126349 | ||
| 007 | ta | ||
| 008 | 20171017b un ||||| |||| 00| 0 ukr d | ||
| 100 | _aСарацин Т. | ||
| 090 |
_a323.2:94(430) _bС20 |
||
| 942 | _cBK | ||
| 040 |
_aUA-OsUOA _bukr _cUA-OsUOA _dUA-OsUOA |
||
| 245 |
_aНімеччина сама себе руйнує _bяк ми ставимо на кін долю нашої країни |
||
| 300 | _a462 с. | ||
| 955 | _a1 | ||
| 041 | _aukr | ||
| 080 | _a323.2:94(430) | ||
| 020 | _a978-617-569-286-8 | ||
| 260 |
_aК. _bТемпора _c2016 |
||
| 650 | 7 |
_a32 Політика _2UDC |
|
| 999 |
_c414744 _d414744 |
||